000 01340nam a2200301 i 4500
001 34392
003 BD-RjUL
005 20211209052142.0
008 140517s1978 ii ab b 101 0 eng
035 _a(BD-RjUL)34486
040 _aDLC
_cDLC
_dDLC
_dBD-RjUL
_beng
041 _aeng
082 0 0 _a338.954
_bSOC 1978
111 2 _aInternational Seminar on Inter-Regional Cooperation in South and Southeast Asia
_d(1975 :
_cOsmania University)
_9104599
245 1 0 _aSocio-economic development problems in South and Southeast Asia :
_bpapers and proceedings of the International Seminar on Inter-Regional Cooperation in South and Southeast Asia, held at Osmania University, Hyderabad, January 1975 /
_cedited by S. Manzoor Alam, G. Ram Reddy.
260 _aBombay :
_bPopular Prakashan,
_c1978.
300 _axxi, 346 p. :
_bill. ;
_c25 cm.
504 _aIncludes bibliographical references and index.
650 0 _aUrbanization
_zSouth Asia
_vCongresses.
_9104594
651 0 _aSouth Asia
_xEconomic policy
_vCongresses.
_9104595
651 0 _aSouth Asia
_xSocial conditions
_vCongresses.
_9104596
651 0 _aSoutheast Asia
_xSocial conditions
_vCongresses.
_912108
700 1 _aAlam, S. Manzoor
_q(Shah Manzoor)
_9104597
700 1 _aReddy, G. R.,
_d1945-
_9104598
942 _2ddc
_cBK
999 _c34392
_d34392